Politika a szociálpolitikában

Elmentve itt :
Bibliográfiai részletek
Szerző: Halla Aurél
Dokumentumtípus: Könyv része
Megjelent: 2020
Sorozat:Fejezetek a magyarországi társadalom- és szociálpolitika történetéből II. : szövegek a kiegyezéstől a rendszerváltásig (1867–1989) 2
Kulcsszavak:Szociálpolitika - Magyarország - 20. sz.
Tárgyszavak:
Online Access:http://acta.bibl.u-szeged.hu/73453
LEADER 00891naa a2200205 i 4500
001 acta73453
005 20211028110530.0
008 211028s2020 hu o 0|| hun d
020 |a 978-615-6060-30-3 
040 |a SZTE Egyetemi Kiadványok Repozitórium  |b hun 
041 |a hun 
100 1 |a Halla Aurél 
245 1 0 |a Politika a szociálpolitikában  |h [elektronikus dokumentum] /  |c  Halla Aurél 
260 |c 2020 
300 |a 203-208 
490 0 |a Fejezetek a magyarországi társadalom- és szociálpolitika történetéből II. : szövegek a kiegyezéstől a rendszerváltásig (1867–1989)  |v 2 
650 4 |a Bölcsészettudományok 
650 4 |a Történettudomány és régészet 
695 |a Szociálpolitika - Magyarország - 20. sz. 
856 4 0 |u http://acta.bibl.u-szeged.hu/73453/1/2020_fejezetek_a_magyarorszagi_tarsadalom_es_szocialpolitika_tortenetebol_002_203-208.pdf  |z Dokumentum-elérés